000 00800nam a2200205 a 4500
003 0
005 20250602160827.0
008 021120s19uu xx 00 eng d
050 _aPGS TJ 163.5.S65
_b.Ev92 2000
100 _aEvangelista, Domingo.
245 _aA comparative study on the energy conservation practices of Elizalde and Luxembourg faculty members /
_cDomingo Evangelista.
260 _aLas PiƱas City, Philippines :
_bSouthville International School and Colleges,
_c2000.
300 _a30 pages :
_billustrations ;
_c28 cm.
504 _aIncludes bibliographical references.
650 _aEnergy conservation
_vSocial aspects.
650 _aEnvironmental responsibility
_vTeachers.
650 _aSchool buildings
_vEnergy use.
650 _aTeachers
_vAttitudes.
942 _2lcc
_cPASS
999 _c96300
_d96300